000 00320nam a2200121Ia 4500
008 190216s9999||||xx |||||||||||||| ||und||
100 _aThunjathu Ezhuthachan
245 0 _aSundarakandam (adhayatma Ramayanam Kilippattu)
260 _bUniversity Of Calicut
_c1997
300 _a88p
650 _aKavithkal
942 _cBK
999 _c27624
_d27624